banner-ar

POPULATION GROWTH AND ECONOMIC DEVELOPMENT IN LOW INCOME COUNTRIES: A CASE STUDY OF INDIA'S PROSPECTS / (Record no. 15269)

MARC details
000 -الفاتح
حقل البيانات ثابتة الطول 00622nam a2200205Ia 4500
008 - عناصر البيانات ثابتة الطول - معلومات عامة
حقل البيانات ثابتة الطول 140319s9999 xx 000 0 eng d
040 ## - مصدر الفهرسة
وكالة الفهرسة الأصلية GCL /
وكالة النسخ GCL
082 04 - رقم تصنيف ديوى العشرى
رقم التصنيف 338.9
رقم المادة C P
100 1# - المدخل الرئيسى - إسم شخصى
الإسم الشخصى COALE, ANSLEY J
245 10 - بيان العنوان
العنوان POPULATION GROWTH AND ECONOMIC DEVELOPMENT IN LOW INCOME COUNTRIES: A CASE STUDY OF INDIA'S PROSPECTS /
بيان المسئوليه,etc COALE, ANSLEY J
700 1# - المدخل الاضافى - اسم شخصى
الإسم الشخصى HOOVER, EDGAR M
260 ## - PUBLICATION, DISTRIBUTION, ETC. (IMPRINT)
تاريخ النشر أو التوزيع 1996
300 ## - الوصف المادى
التعداد 389 P
650 04 - المدخل الاضافى بالموضوع-مصطلح موضوعى
مصطلح موضوعي ECONOMICS
650 04 - المدخل الاضافى بالموضوع-مصطلح موضوعى
مصطلح موضوعي ECONOMIC DEVELOPMENT
650 04 - المدخل الاضافى بالموضوع-مصطلح موضوعى
مصطلح موضوعي ECONOMIC GROWTH
650 04 - المدخل الاضافى بالموضوع-مصطلح موضوعى
مصطلح موضوعي LOW INCOME COUNTRIES
942 ## - عناصر المدخل الإضافي( كوها)
مصدر التصنيف او مخطط الترفيف Dewey Decimal Classification
Koha [default] item type كتاب
260 ## - PUBLICATION, DISTRIBUTION, ETC. (IMPRINT)
-- [S.N] :
-- PRINCETON UNIVERSITY PRESS ،
Holdings
حالة التراجع حالة الفقد حالة تلف ليس للاعارة المكان المؤقت الموقع الحالى تاريخ الاكتساب اجمالي اﻻعارات رقم الطلب الباركود تاريخ اخر مشاهدة تاريخ تفعيل السعر نوع وعاء كوها
        مكتبة القاهرة الكبرى مكتبة القاهرة الكبرى 03/26/2014   338.9\C P 28338 03/26/2014 03/26/2014 كتاب

Powered By

EGPV